|
|
|
|
| LEADER |
00000nam0a2200000 4500 |
| 001 |
186071 |
| 005 |
20231101223946.0 |
| 010 |
|
|
|a 9785160034713
|
| 035 |
|
|
|a (RuTPU)RU\TPU\book\201894
|
| 035 |
|
|
|a RU\TPU\book\160150
|
| 090 |
|
|
|a 186071
|
| 100 |
|
|
|a 20101025d2010 m y0rusy50 ca
|
| 101 |
0 |
|
|a rus
|
| 102 |
|
|
|a RU
|
| 105 |
|
|
|a a j 001zy
|
| 200 |
1 |
|
|a Экономика отрасли
|e учебное пособие
|f В. Я. Поздняков, С. В. Казаков
|
| 210 |
|
|
|a Москва
|c Инфра-М
|d 2010
|
| 215 |
|
|
|a 309 с.
|c ил.
|
| 225 |
1 |
|
|a Высшее образование
|
| 320 |
|
|
|a Библиогр.: с. 305.
|
| 330 |
|
|
|a Учебное пособие предназначено для студентов, аспирантов и экономистов, изучающих взаимодействие и факторы развития корпораций в рыночной экономике с позиций отраслевой направленности видов экономической деятельности. В нем освещены основные специализированные проблемы, которые должны решаться на отраслевом уровне.
|
| 451 |
|
1 |
|0 (RuTPU)RU\TPU\book\160150
|y 978-5-16-003471-3
|t Экономика отрасли
|o учебное пособие
|f В. Я. Поздняков, С. В. Казаков
|c М.
|n Инфра-М
|d 2009
|p 309 с.
|s Высшее образование
|a Поздняков, Владимир Яковлевич
|
| 606 |
1 |
|
|a Отраслевые рынки
|x Экономика
|y Россия
|2 stltpush
|3 (RuTPU)RU\TPU\subj\67720
|9 83412
|
| 610 |
1 |
|
|a экономика
|
| 610 |
1 |
|
|a Россия
|
| 610 |
1 |
|
|a разделение труда
|
| 610 |
1 |
|
|a специализация
|
| 610 |
1 |
|
|a отраслевая структура
|
| 610 |
1 |
|
|a рыночная власть
|
| 610 |
1 |
|
|a диверсификация
|
| 610 |
1 |
|
|a антимонопольное регулирование
|
| 610 |
1 |
|
|a интеграция
|
| 610 |
1 |
|
|a интегрированные корпорации
|
| 610 |
1 |
|
|a производительные силы
|
| 610 |
1 |
|
|a конкурентоспособность
|
| 610 |
1 |
|
|a инновационное развитие
|
| 610 |
1 |
|
|a кадровая политика
|
| 610 |
1 |
|
|a государственное управление
|
| 610 |
1 |
|
|a учебные пособия
|
| 610 |
1 |
|
|a инвестиционная деятельность
|
| 686 |
|
|
|a У9(2)0-01я73
|v LBC/SL-A
|2 rubbk
|
| 700 |
|
1 |
|a Поздняков
|b В. Я.
|g Владимир Яковлевич
|
| 701 |
|
1 |
|a Казаков
|b С. В.
|g Сергей Витальевич
|
| 801 |
|
1 |
|a RU
|b 63413507
|c 20081120
|g PSBO
|
| 801 |
|
2 |
|a RU
|b 63413507
|c 20150825
|g PSBO
|
| 900 |
|
|
|a Экономика отрасли
|
| 900 |
|
|
|a Экономика отраслевых рынков
|
| 942 |
|
|
|c BK
|
| 951 |
|
|
|b 080502
|
| 959 |
|
|
|a 111/20081114
|d 1
|e 159,90
|f ЧЗГЛ:1
|
| 959 |
|
|
|a 41/20090326
|d 1
|e 159,90
|f АНЛ:1
|
| 959 |
|
|
|a 49/20100813
|d 5
|e 179,90
|f Ф_ТПУ_Новокузнецк:5
|